000 01404nam a2200289Ia 4500
999 _c53877
_d53877
001 20928
003 GE_BSU
005 20200525130904.0
008 181216s2016ge xx |||||||||||||| ||geo||
020 _a9789941936241
040 _cGE_BSU
041 _ageo
080 _a347.22 ჭ-39
100 _aჭეჭელაშვილი, ზურაბ.
_96408
245 _aსანივთო სამართალი :
_b(შედარებით-სამართლებრივი კვლევა) /
_cზურაბ ჭეჭელაშვილი.
250 _aმე–4 გადამუშავებული გამოცემა, 2016 წლის 1 ნოემბრის მდგომარეობით.
264 _aთბილისი :
_bბონა კაუზა,
_c2016.
300 _a456 გვ;
_c21 სმ.
440 _aიურისტის ბიბლიოთეკა
_9137
500 _aთავფურ. მე-3, 4 და 5 გვ.
504 _a ბიბლიოგრ. ტექსტის შენიშვნ.
546 _a სათ. რუს., ინგლ. და გერმ.
653 _aსამართალი
653 _aსანივთო სამართალი
653 _aშედარებით-სამართლებრივი კვლევა
942 _cBK
_2udc